<?xml version="1.0" encoding="UTF-8"?><?xml-stylesheet type="text/xsl" href="static/style.xsl"?><OAI-PMH xmlns="http://www.openarchives.org/OAI/2.0/" xmlns:xsi="http://www.w3.org/2001/XMLSchema-instance" xsi:schemaLocation="http://www.openarchives.org/OAI/2.0/ http://www.openarchives.org/OAI/2.0/OAI-PMH.xsd"><responseDate>2026-04-27T19:53:52Z</responseDate><request verb="GetRecord" identifier="oai:uvadoc.uva.es:10324/1087" metadataPrefix="marc">https://uvadoc.uva.es/oai/request</request><GetRecord><record><header><identifier>oai:uvadoc.uva.es:10324/1087</identifier><datestamp>2025-02-10T12:21:05Z</datestamp><setSpec>com_10324_38</setSpec><setSpec>col_10324_852</setSpec></header><metadata><record xmlns="http://www.loc.gov/MARC21/slim" xmlns:doc="http://www.lyncode.com/xoai" xmlns:xsi="http://www.w3.org/2001/XMLSchema-instance" xmlns:dcterms="http://purl.org/dc/terms/" xsi:schemaLocation="http://www.loc.gov/MARC21/slim http://www.loc.gov/standards/marcxml/schema/MARC21slim.xsd">
<leader>00925njm 22002777a 4500</leader>
<datafield tag="042" ind1=" " ind2=" ">
<subfield code="a">dc</subfield>
</datafield>
<datafield tag="720" ind1=" " ind2=" ">
<subfield code="a">Romo Díaz-Alejo, Ignacio</subfield>
<subfield code="e">author</subfield>
</datafield>
<datafield tag="260" ind1=" " ind2=" ">
<subfield code="c">2012</subfield>
</datafield>
<datafield tag="520" ind1=" " ind2=" ">
<subfield code="a">Carlos Velázquez Callado es uno de los autores referentes a nivel nacional e internacional en el ámbito del aprendizaje cooperativo en Educación Física. En el presente estudio pretendemos analizar cuál ha sido la evolución de sus prácticas y que cambios han sufrido sus lecciones de educación física en cuanto a metodología se refiere. Además analizamos los resultados obtenidos con el alumnado mediante la aplicación de las diferentes metodologías utilizadas. El estudio se basa en el análisis documental de 6 publicaciones desde el año 1996 hasta el año 2010. Podemos decir que Carlos Velázquez ha pasado por 3 fases diferentes en las que va evolucionando desde los juegos no competitivos y las actividades de educación en valores hasta utilizar el aprendizaje cooperativo en educación física. Los resultados en el alumnado se ven reflejados por una mejora en la socialización y una mejora en el ámbito motriz.</subfield>
</datafield>
<datafield tag="024" ind2=" " ind1="8">
<subfield code="a">http://uvadoc.uva.es/handle/10324/1087</subfield>
</datafield>
<datafield ind1=" " ind2=" " tag="653">
<subfield code="a">Aprendizaje-Trabajo en equipo</subfield>
</datafield>
<datafield ind1=" " ind2=" " tag="653">
<subfield code="a">Educación física - Materiales didácticos</subfield>
</datafield>
<datafield ind1=" " ind2=" " tag="653">
<subfield code="a">Educación en valores</subfield>
</datafield>
<datafield tag="245" ind1="0" ind2="0">
<subfield code="a">Análisis documental de prácticas de aprendizaje cooperativo en educación física  de Carlos Velázquez</subfield>
</datafield>
</record></metadata></record></GetRecord></OAI-PMH>